Регионална библиотека "Любен Каравелов" - Русе

Новата българска музикална култура (Запис номер 106926)

MARC детайли
000 -Лидер
Контролно поле с фиксирана дължина 01959nam a2200421 c 4500
003 - Код на организацията, давaща контролен номер
Контролно поле BLK
005 - Дата и час на последна редакция
Контролно поле 20230801122140.0
008 - Елементи от данни с фиксирана дължина
fixed length control field 180409b bul|||||r ||||||| ||bul||
010 ## - Наследен системен номер
LC control number KNG00112197000
020 ## - Международен стандартен номер на книга ISBN
Международен стандартен номер на книга ISBN 954-9835-20-0
040 ## - Източник на каталожния запис
Идентификатор на билиотеката - собственик на записа BLK
041 ## - Код за език
Код за езика на текст/звукозапис или на отделно заглавие Български
Код за езика КДБФ Български
080 ## - УДК
Текстов определител УДК Музика
УДК код - определител по УДК 78
УДК определител (497.2)(091)
УДК - код + определител 78(497.2)(091)
080 ## - УДК
Текстов определител УДК Музиколози. Музикални критици. Експерти в музиката
УДК код - определител по УДК 78.072
УДК определител (497.2)
УДК - код + определител 78.072(497.2)
100 ## - Редна дума - Автор
Автор Хлебаров, Иван Атанасов
Дати, свързани с автора 1934-2015
R(LIN) 375378
139 ## - Редно поле
Редна дума Хлебаров, Иван Атанасов
Авторски знак Хле - Х 56
245 10 - Сведения за заглавието
Заглавие Новата българска музикална култура
Подзаглавни данни Изследване : В 2 т. За том: Ист. процеси, естет. виждания, съотношения на жанровете, муз. мислене, култ. институции, изпълнителство, възгледи
Редно поле (дума) Иван Атанасов Хлебаров.
Том Т. 1
Заглавие на том 1878 - 1944
257 ## - Страна на издаване
Страна на създаване/издаване България
260 ## - Област на издателските данни
Място на издаване, разпространение и проч. София
Име на издателя, разпространителя и проч. Нац. муз. акад. Проф. Панчо Владигеров
Година на издаване 2003 -
Печатница София : Вулкан 4
9 (RLIN) 456923
300 ## - Физическа характеристика
Размери/Мащаб 21 см
380 ## - Жанр
Жанр Изкуство
500 ## - Общи забележки
Забележка Офс. изд.
504 ## - Забележка за наличие на библиография и др
Забележка за наличие на библиография и под. 511-517 и под л
650 #4 - Допълнително описание по предмет – тема
Основно описание – тема или топоним Музика, българска
9 (RLIN) 241862
653 ## - Ключова дума – ненормативна
Ключова дума музика
653 ## - Ключова дума – ненормативна
Ключова дума България
653 ## - Ключова дума – ненормативна
Ключова дума история
653 ## - Ключова дума – ненормативна
Ключова дума критика
760 1# - Описание на основната серия
Редна дума на основното описание Хлебаров, Иван Атанасов
Място на издаване, издател и година Хайни, 2003
Страници - том 528 с. : с ноти
Забележка - том Библиогр. с. 511-517 и под линия ; Именен показалец.
Заглавие Т. 1 1878 - 1944
852 ## - Местоположение
Форматна сигнатура Цб 218898
856 4# - Електронен адрес и достъп
Електронен формат pdf - файл
Инструкция (цена за достъп) 0.00
Права за достъп disable
856 4# - Електронен адрес и достъп
Електронен формат pdf - файл
Инструкция (цена за достъп) 0.00
Права за достъп disable
999 ## - СИСТЕМНИ КОНТРОЛНИ НОМЕРА
Koha biblionumber 106926
Koha biblioitemnumber 106926
942 ## - АРТИКУЛИ
Вид на библиотечния материал Книги
Скрит в OPAC Не
Koha issues (borrowed), all copies 3
Периодичен библиозапис Да
944 ## - СЪЗДАВАНЕ И РЕДАКЦИЯ на ЗАПИСА
Създаване/Редакция Създаване
Дата на регистрацията/редакция 08.04.2004
Служител, извършил регистрацията/редакцията 30556
Статус, дата на статуса Теодора Пейчева-Дянкова
944 ## - СЪЗДАВАНЕ И РЕДАКЦИЯ на ЗАПИСА
Създаване/Редакция Редакция
Дата на регистрацията/редакция 29.10.2004
999 ## - СИСТЕМНИ КОНТРОЛНИ НОМЕРА
Koha biblioitemnumber 106926
999 ## - СИСТЕМНИ КОНТРОЛНИ НОМЕРА
Koha biblioitemnumber 106926
Наличности
Код за отписване Код за изгубен артикул Източник на класификационната схема Код за повреда Коз за рестрикции Код за отдаване Артикулен № Име на библиотеката - собственик Име на библиотеката, в която се намира в момента Статус (Текущо местоположение) Дата на вписване в системата Местоположение - отдел Цена в лева Инвентарен номер Систематично азбучна сигнатура Баркод Номер на екземпляра Цена в евро Служебна бележка Служебен тип на артикула
  Не е изгубен Universal Decimal Classification Не е повреден без рестрикции заемане за дома 172654 Регионална библиотека "Любен Каравелов" Русе Регионална библиотека "Любен Каравелов" Русе Отдел Изкуство - подръчен фонд 2004-04-08 Отдел Изкуство - подръчен фонд 12.00 120000684401 78(497.2)/Х 56 120000684401 1 6.14 Дост: DA Вид: А N: 11 Дата: 08.04.2004 Дата инв: 19.06.2012 Бележки инв: * Книги
  Не е изгубен Universal Decimal Classification Не е повреден само за читалня ползва се в читалня 172655 Регионална библиотека "Любен Каравелов" Русе Регионална библиотека "Любен Каравелов" Русе Хранилище 2004-10-07 Хранилище 12.00 120000689026 Цб 218898 120000689026 2 6.14 Дост: Dp Вид: Д N: 47 Дата: 12.11.2003 Книги
Vip Innovations Ltd, Rousse, Bulgaria 2025